| 000 | 00455cam a2200181ua 4500 | ||
|---|---|---|---|
| 020 | _c30 net | ||
| 041 |
_aeng _h |
||
| 082 |
_a828.09 _bRIC/PR |
||
| 100 | _aRichards, I A . | ||
| 245 |
_aPrinciples of Literary criticism / _cI A Richards. _hTextual Documents |
||
| 250 |
_a2 / _b. |
||
| 260 |
_aLondon : _bRoutledge & Kegan Paul Ltd , _c1966. |
||
| 300 | _a298 ; . | ||
| 365 | _a30 net | ||
| 504 | _a | ||
| 942 | _cBK | ||
| 999 |
_c12129 _d12129 |
||